000 01721cam a2200349 4500500
005 20251228070411.0
041 _afre
042 _adc
100 1 0 _aGardelle, David
_eauthor
245 0 0 _aPasser devant les tabellions du pays d'auge au xve siècle
260 _c2011.
500 _a42
520 _aLe tabellion est chargé au Moyen Âge, dans la France du Nord, de l’authentification des contrats. De par cette fonction, le tabellionage est une institution placée au cœur des sociétés mais dont le fonctionnement demeure mal connu. L’étude des registres de tabellionage augerons de la seconde moitié du xve siècle permet, par le prisme de sa clientèle, d’envisager les modalités de recours au tabellion.
520 _aNotarial contracts in the pays d’Auge in the 15th centuryIn the Middle Ages, notaries guaranteed contracts in northern France. Hence, notaries were central actors in social relations but their role is poorly understood. By examining the clientele of local notaries in the second half of the fifteenth century, a better understanding of their role emerges.
690 _aclientèle
690 _ajuridiction gracieuse
690 _aMoyen Âge
690 _anotaire
690 _aPays d'Auge
690 _apratique notariale
690 _aregistre
690 _atabellion
690 _atabellionage
690 _aclients
690 _aMiddle Ages
690 _anotarial deeds
690 _anotaries
690 _aPays d'Auge
690 _aregisters
786 0 _nAnnales de Normandie | 61e aée | 1 | 2011-01-01 | p. 49-74 | 0003-4134
856 4 1 _uhttps://shs.cairn.info/revue-annales-de-normandie-2011-1-page-49?lang=fr&redirect-ssocas=7080
999 _c1592624
_d1592624